All Baby Pokemon - Statistics

General Stats
  • This quiz has been taken 46 times
  • The average score is 16 of 19
Answer Stats
Region Type 1 Type 2 Answer % Correct
Johto Electric None Pichu
100%
Johto Fairy None Cleffa
97%
Johto Electric None Elekid
97%
Johto Normal Fairy Igglybuff
97%
Johto Fire None Magby
97%
Johto Ice Psychic Smoochum
90%
Sinnoh Fighting None Riolu
87%
Johto Fairy None Togepi
87%
Galar Electric Poison Toxel
87%
Johto Fighting None Tyrogue
87%
Sinnoh Psychic Fairy Mime Jr.
80%
Hoenn Normal Fairy Azurill
77%
Sinnoh Rock None Bonsly
73%
Sinnoh Grass Poison Budew
73%
Sinnoh Normal None Happiny
73%
Sinnoh Psychic None Chingling
70%
Sinnoh Normal None Munchlax
70%
Sinnoh Water Flying Mantyke
67%
Hoenn Psychic None Wynaut
53%
No matching quizzes found
Score Distribution
Percent of People with Each Score
Percentile by Number Answered
Your Score History
You have not taken this quiz